| 000 | 01291nam a22002177a 4500 | ||
|---|---|---|---|
| 999 |
_c56850 _d56850 |
||
| 003 | Ge_BSU | ||
| 005 | 20190513204638.0 | ||
| 008 | 190513b2019 ||||| |||| 00| 0 geo d | ||
| 024 | _29789941462917 | ||
| 041 | _ageo | ||
| 080 | _a373.3(072) ს-20 | ||
| 100 |
_aსალაძე, მზია. _91086 |
||
| 245 |
_aდამხმარე მეთოდური რეკომენდაციების კრებული დაწყებითი კლასების პედაგოგებისათვის / _cმზია სალაძე, დალი თურმანიძე, ნინო ვარშანიძე. |
||
| 264 |
_aბათუმი .: _bშოთა რუსთაველის სახელმწიფო უნივერსიტეტი, _c2019. |
||
| 300 |
_a144 გვ . ; _c20 სმ. |
||
| 653 | _aდამხმარე მეთოდური რეკომენდაციების კრებული დაწყებითი კლასების პედაგოგებისათვის | ||
| 653 | _aპედაგოგიკა | ||
| 700 |
_aთურმანიძე, დალი _91087 |
||
| 700 |
_aვარშანიძე, ნინო _91088 |
||
| 942 |
_2udc _cBK |
||